000 00981nam a2200253 i 4500
001 21584
003 ES-MaACL
005 20250825062641.0
007 t|
008 021126s1918 gw f |||| | ger d
040 _cES-MaACL
100 1 _aReber, Franz von,
_d1834-1919
_995695
_eaut
245 1 0 _aAlbum der Alten Pinakothek zu München :
_bfünfzig Farbendrucke mit begle intenden texten und einer historischen Einleitung /
_cvon Franz Reber.
260 _aLeipzig :
_bE.A. Seemann,
_c1918.
300 _a55 hojas, 50 láminas color ;
_c33 cm.
530 _aDisponible en formato digital
610 2 4 _aAlte Pinakothek (Munich)
_9145232
655 7 _2tgfbne
_aLibros ilustrados
_9193653
852 _aES-MaACL
_cSPB
_jB-12016
856 4 _uhttps://bvpb.mcu.es/es/consulta/registro.do?id=577725
_yVersión en línea
_z(Biblioteca Virtual del Patrimonio Bibliográfico)
942 _cMONOGRAFIA
_n0
999 _c21584
_d21584